Otzi the Iceman - Statistics

General Stats
  • This quiz has been taken 58 times
  • The average score is 4 of 13
Answer Stats
questions Answer % Correct
how many known living reltives does Otzi have? 19
74%
Where was Otzi found? Otztal Alps, italy
64%
what year was Otzi found in? 1991
55%
how was Otzi killed? an arrow to the shoulder/bleeding out
55%
What job did Otzi have? A hunter
49%
how tall was Otzi? 5'2/1.6m
36%
how many tatoos did Otzi have 61
34%
What age was Otzi from? the early copper age
21%
What was Otzi's last meal Dreid Ibex
15%
How old is otzi 5,300 years
13%
how much did Otzi weigh? 110lbs/50kg
9%
Why did Otzi have tatoos? Tatoos are an anceint treatment of pain
4%
who discoverd Otzi? Helmut Simon
2%
No matching quizzes found
Score Distribution
Percent of People with Each Score
Percentile by Number Answered
Your Score History
You have not taken this quiz